Una lágrima y un beso (Record no. 157114)

MARC details
000 -LEADER
campo de control de longitud fija 00990nam a22001935i 4500
001 - NÚMERO DE CONTROL
campo de control 157114
003 - IDENTIFICADOR DE NÚMERO DE CONTROL
campo de control ES-MaACL
005 - FECHA Y HORA DE LA ÚLTIMA TRANSACCIÓN
campo de control 20250824063052.0
008 - DATOS DE LONGITUD FIJA--INFORMACIÓN GENERAL
campo de control de longitud fija 000707s1855 sp |||| | spa d
040 ## - FUENTE DE CATALOGACIÓN
Centro catalogador/agencia de origen AR
Lengua de catalogación spa
Centro/agencia transcriptor AR
100 1# - ENTRADA PRINCIPAL--NOMBRE DE PERSONA
Nombre de persona Larra y Wetoret, Luis Mariano de,
Fechas asociadas al nombre 1830-1901
9 (RLIN) 70289
245 14 - MENCIÓN DEL TÍTULO
Título Una lágrima y un beso
Resto del título : comedia en cuatro actos y en verso /
Mención de responsabilidad, etc. original de Luis Mariano de Larra.
260 ## - PUBLICACIÓN, DISTRIBUCIÓN, ETC.
Lugar de publicación, distribución, etc. Madrid :
Nombre del editor, distribuidor, etc. [s.n.],
Fecha de publicación, distribución, etc. 1855 (
Fabricante Imp. de José Rodriguez)
300 ## - DESCRIPCIÓN FÍSICA
Extensión 109 p. ;
Dimensiones 19 cm.
500 ## - NOTA GENERAL
Nota general En port.: Estrenada con extraordinario éxito en el teatro del Príncipe el 27 de abril de 1855.
596 ## - NOTA AL PIE DE IMPRENTA
NOTA AL PIE DE IMPRENTA En verso de la port. consta: " La propiedad de esta comedia pertenece al Director de la Galeria lirico-dramática El Teatro ..."
852 ## - LOCALIZACIÓN
Ubicación ES-MaACL
Número de control de estantería F-8613(10)
Nota libre -- Enc. pasta española
condición física -- Falto de la cub. original
Nota libre .- Enc. en un vol. facticio formando parte de la col. facticia "Teatro español moderno", vol. 68
Holdings
Estatus retirado Estado de pérdida Estado de daño No para préstamo Colección Biblioteca de origen Biblioteca actual Ubicación en estantería Fecha de adquisición Total de préstamos Signatura topográfica completa Código de barras Visto por última vez Precio de reemplazo Tipo de ítem Koha
        Libros del s. XIX Biblioteca del Ateneo de Madrid Biblioteca del Ateneo de Madrid Sala Pecera Planta 2 17/01/2008   F-8613(10) 1164389 23/02/2023 23/02/2023 Libro impreso antiguo